Statystyki dla Największe miasta Rosji

Kliknij tutaj aby rozwiązać quiz!

Ogólne statystyki

  • Ten quiz został rozwiązany 591 razy
  • Średni wynik to 6 z 12

Statystyki odpowiedzi

WskazówkaMiasto% Poprawnych
12330943 MLNMoskwa
100%
5225219 MLNPetersburg
95%
1216308 MLNKazań
53%
1584921 MLNNowosybirsk
46%
1178583 MLNOmsk
40%
1170184 MLNSamara
40%
1266592 MLNNiżny Nowogród
39%
1110291 MLNUfa
39%
144738 MLNJekaterynburg
37%
1041672 MLNPerm
37%
1119448 MLNRostów nad donem
35%
1191458 MLNCzelabińsk
26%

Rozkład punktacji

Percentyl według liczby udzielonych odpowiedzi

Procent ludzi z każdym wynikiem

Twoja historia wyników

Nie rozwiązałeś tego quizu